Frömmigkeit der Theologie
Sábháilte in:
| Príomhchruthaitheoir: | |
|---|---|
| Formáid: | LEABHAR |
| Teanga: | Gearmáinis |
| Foilsithe / Cruthaithe: |
Friburgo de Brisgovia
Herder
2003
|
| Eagrán: | 1a. ed |
| Sraith: | Quaestiones Disputatae, 202
|
| Ábhair: | |
| Clibeanna: |
Cuir clib leis
Níl clibeanna ann, Bí ar an gcéad duine le clib a chur leis an taifead seo!
|
MARC
| LEADER | 00000cam a2200000 a 4500 | ||
|---|---|---|---|
| 001 | UCE8263 | ||
| 003 | CL-VaPUC | ||
| 008 | 150728e20030000gw |||||||||||||||||ger|d | ||
| 020 | |a 3451022028 | ||
| 082 | 0 | 4 | |a 231.8 |b NEU |2 21 |
| 100 | |a Neuhaus, Gerd |e verfasser |9 581009 | ||
| 245 | 1 | 0 | |a Frömmigkeit der Theologie |
| 250 | |a 1a. ed | ||
| 300 | |a 192 p | ||
| 942 | |c BK | ||
| 945 | |d 20150728 02:04:00 |a gsalatino | ||
| 260 | |a Friburgo de Brisgovia |b Herder |c 2003 | ||
| 600 | 0 | |a Dios |9 314467 | |
| 650 | 0 | |a Teodicea |9 315235 | |
| 650 | 0 | |a Teología |9 258766 | |
| 650 | 7 | |a BONDAD |2 CL-VaPUC |9 317197 | |
| 650 | 0 | |a Justicia |9 255408 | |
| 583 | |a last modification |c 20150821 12:53:49 |k Rodrigo Vera | ||
| 490 | 0 | |a Quaestiones Disputatae, 202 | |
| 999 | |c 360201 |d 360199 | ||
| 952 | |0 0 |1 0 |3 erb |4 0 |6 231_800000000000000_NEU_2003 |7 0 |8 A |9 469853 |a BIBTEO |b BIBTEO |e Casale Rolle, Carlos Ignacio, -2014 |i 5185122 |o 231.8 NEU 2003 |p 5185122 |r 2025-01-17 |w 2019-11-23 |y BK |z Catalogado en:20150728 |k ICR | ||